00597nam a22001932 4500001001100000005001700011008004100028020001700069040001500086245009800101250001300199260003400212300001700246650002900263650004000292700003100332700003700363852000300400000001872220151217152133.0100609s xx 000 0 eng d a0521612357 : aKABUcKABU13aAn Introduction to language and linguistics /cEdited by Ralph Fasold and Jeff Connor-Linton. a1st ed. aCambridge :bC. U. P.,c2006. axvi, 540 p. 0aLinguistics.@0000151993 0aLanguage and languages.@00000459271 aFasold, Ralph.@00001780581 aConnor-Linton, Jeff.@00001780591